00523nam a22001817a 450000500170000001000150001702000270003203500130005903700130007208200130008510000210009824500430011925000180016226000330018027000820021330000260029550000200032120100825161735.0 aENG-101380 a9788180386220c1995.00 aEN-84913 bDBAD/PUB a343.0998 aBasu, Durga Das  aLaw of the Press /cby Durga Das Basu  b5rd rev. ed.  aGurgaon bLexis Nexis c2010 a14 th Floor Building No 10 Tower -B DLF Cyber City Phase IIbGurgaon e122002 alviii,1150pc25cm(Hb) aincludes index